000 00545nam a2200181Ia 4500
008 100917s9999 xx 000 0 und d
082 _b39490
100 _aजोशी शशिकांत
245 _aनेत्र निरांजनी
260 _bराधा प्रकाशन
_c1980
300 _a74
365 _b7
520 _aकादंबरी
630 _aनेत्र निरांजनी
650 _aकादंबरी
730 _aनेत्र निरांजनी
942 _cBOOK
999 _c644884
_d644881